| 000 | 00589nam a22001817a 4500 | ||
|---|---|---|---|
| 003 | CEME | ||
| 005 | 20210628203301.0 | ||
| 008 | 210204b xxu||||| |||| 00| 0 eng d | ||
| 020 | _a9788184893656 | ||
| 040 | _c. | ||
| 082 | _a620.0042 BIR | ||
| 100 |
_aBirta, Louis G , Arbez, Gilbert _963366 |
||
| 245 | _aModeling and simulation , exploring dynamic system behaviour | ||
| 260 |
_aINDIA _bSPRINGER _c2007 |
||
| 300 | _aXVII, 454P | ||
| 650 |
_aMODELING AND SIMULATION OF DYNAMIC SYSTEM BEHAVIOUR.DEDS MODELING AND SIMULATION.CTDS MODELING AND SIMULATION. _964485 |
||
| 942 |
_cBK _2ddc |
||
| 999 |
_c572958 _d572958 |
||